| 000 | 00363 a2200133 4500 | ||
|---|---|---|---|
| 005 | 20250606083134.0 | ||
| 020 | _a978-0-8153-9906-3 | ||
| 082 | _a942.08 SHE | ||
| 100 | _aSHEPHERD, E. | ||
| 245 | _aArchives and Archivist in 20th Century England. | ||
| 260 |
_aNew York, _bRoutledge, _c2009. |
||
| 300 |
_axiii,239p.; _bBibliography & index _c23cm. |
||
| 942 |
_2ddc _cBKS |
||
| 999 |
_c3279 _d3279 |
||